| 000 | 00475nam a22001457a 4500 | ||
|---|---|---|---|
| 005 | 20250529132056.0 | ||
| 008 | 250529b |||||||| |||| 00| 0 eng d | ||
| 020 | _a998803315 | ||
| 050 |
_aHA 29 _bNSO |
||
| 100 | _aNSOWAH-NUAMAH, NICHOLAS N. N | ||
| 245 |
_aBASIC STATISTICS _bA Handbook of Descriptive Statistics for Social and Biological Sciences _cNICHOLAS N. N. NSOWAH-NUAMAH |
||
| 260 |
_aACCRA _bACADEC PRESS _cc2005 |
||
| 300 |
_axi.; 488p.; _bills; |
||
| 942 |
_2lcc _cBK _n0 |
||
| 999 |
_c6030 _d6030 |
||